000 00451nam a22001817a 4500
003 MPLRDC
005 20220104123911.0
008 210129b ||||| |||| 00| 0 eng d
020 _a986-7542-83-5
082 _a711 HYX
100 _a胡燕欣
245 _a你不可不知道的图片西洋史
_c
250 _a初版
260 _a台湾
_b高谈文化事业有限公司
_c2005
300 _b388
650 _a世界史
942 _cBK
_o711 HYX
999 _c15083
_d15073